00895nam a2200205 i 450000100060000000300090000600500170001500700030003200800410003510000320007624502110010826000440031930000220036360000430038565100510042870000490047985200220052899900170055095201220056765047ES-MaACL20251009181318.0t|040108s1963 sp ||||1| spa d1 aFrankl, Viktor Emil.95233313aEl "Antijovio" de Gonzalo Jiménez de Quesada y las concepciones de realidad y verdad en la época de la Contrarreforma y del Manierismo / cViktor Frankl ; prólogo del profesor José Antonio Maravall. aMadrid : bCultura Hispánica, c1963. a768 p. ; c25 cm.14aJiménez de Quesada, Gonzalo.9152425 4aEspaña-xCivilización-y1516-1700.91607611 aMaravall, José Antonio, d1911-1986976329 aES-MaACLjC-25930 c65047d65047 00104070aATENEOMbATENEOMcDEPO2d2008-01-17eSCl0oC-25930p1068152r2023-02-23 00:00:00w2023-02-23yMONOGRAFIA